Ali Al-Andaloussi (notice n° 9557)
[ vue normale ]
| 000 -Label | |
|---|---|
| leader | 00585nam a22002053 4500 |
| 010 ## - ISBN | |
| ISBN | 9973700082 |
| 099 ## - Informations locales | |
| Type de document | Livre |
| 100 ## - Données générales de traitement | |
| a | 20040101d1990 a y0frey50 ba |
| 101 0# - Langue | |
| langue document | français |
| 102 ## - Pays d'édition ou de production | |
| pays d'édition | Tunisie |
| 200 1# - Titre | |
| titre propre | Ali Al-Andaloussi |
| type de document | Livre |
| auteur | May Angéli |
| sous-titre | Céramiste à Tunis |
| 210 ## - Editeur | |
| nom de l'éditeur | Cérès Productions-Déméter |
| date de publication | 1990 |
| 215 ## - Description | |
| Importance matérielle | 32 p. |
| 606 ## - sujets | |
| sujet | Art en Tunisie |
| subdiv. sujet | Art pour enfants |
| -- | Art populaire |
| -- | Céramique |
| koha internal code | 26471 |
| 700 ## - Auteur | |
| N° autorité | 11888854 |
| auteur | Angeli |
| prénom | May |
| code de fonction | Auteur |
| koha internal code | 26326 |
| 801 #0 - source de catalogage | |
| pays | FR |
| agence de catalogage | FR-751131015 |
| date de la transaction | 20040101 |
| règles de catalogage utilisées | AFNOR |
| 801 #0 - source de catalogage | |
| pays | TN |
| agence de catalogage | 32BIS |
| 830 ## - note | |
| catalogeur | SG |
| Propriétaire | Dépositaire | Localisation | Code barre | Numéro Inventaire | Cote | Note | Statut |
|---|---|---|---|---|---|---|---|
| The 32bis Library | The 32bis Library | Salle de lecture 32BIS | 007364 | 7283 | 738.092 ANG | Dépôt MAB | Consultable sur place |